Microbiology : (Record no. 604)

MARC details
000 -LEADER
fixed length control field 00849cam a22002774a 4500
005 - DATE AND TIME OF LATEST TRANSACTION
control field 20260322212027.0
008 - FIXED-LENGTH DATA ELEMENTS--GENERAL INFORMATION
fixed length control field data
010 ## - LIBRARY OF CONGRESS CONTROL NUMBER
LC control number 2003046101
020 ## - INTERNATIONAL STANDARD BOOK NUMBER
International Standard Book Number 0805376135
020 ## - INTERNATIONAL STANDARD BOOK NUMBER
International Standard Book Number 9780805376135
040 ## - CATALOGING SOURCE
Original cataloging agency DLC
Transcribing agency DLC
Modifying agency DLC
042 ## - AUTHENTICATION CODE
Authentication code pcc
050 00 - LIBRARY OF CONGRESS CALL NUMBER
Classification number QR41.2
Item number .T67 2004
082 00 - DEWEY DECIMAL CLASSIFICATION NUMBER
Classification number 579
Edition information 21
001 - CONTROL NUMBER
control field data
100 1# - MAIN ENTRY--PERSONAL NAME
Personal name Tortora, Gerard J.
245 10 - TITLE STATEMENT
Title Microbiology :
Remainder of title an introduction /
Statement of responsibility, etc. Gerard J. Tortora, Berdell R. Funke & Christine L. Case.
250 ## - EDITION STATEMENT
Edition statement 8th ed.
260 ## - PUBLICATION, DISTRIBUTION, ETC.
Place of publication, distribution, etc. San Francisco, CA :
Name of publisher, distributor, etc. Benjamin Cummings,
Date of publication, distribution, etc. c2004.
300 ## - PHYSICAL DESCRIPTION
Extent xxiii, 898 p. :
Other physical details ill. (some col.) ;
Dimensions 28 cm. +
Accompanying material 1 CD-ROM (4 3/4 in.)
500 ## - GENERAL NOTE
General note Includes index.
650 #0 - SUBJECT ADDED ENTRY--TOPICAL TERM
Topical term or geographic name entry element Microbiology.
700 1# - ADDED ENTRY--PERSONAL NAME
Personal name Funke, Berdell R.
700 1# - ADDED ENTRY--PERSONAL NAME
Personal name Case, Christine L.,
Dates associated with a name 1948-
856 41 - ELECTRONIC LOCATION AND ACCESS
Materials specified Table of contents
Uniform Resource Identifier <a href="http://www.loc.gov/catdir/toc/fy037/2003046101.html">http://www.loc.gov/catdir/toc/fy037/2003046101.html</a>
Holdings
Withdrawn status Lost status Damaged status Not for loan Home library Current library Shelving location Date acquired Total checkouts Full call number Barcode Date last seen Price effective from Koha item type
        Riverside Riverside General stacks 22/03/2026   579 21 BC0010619 22/03/2026 22/03/2026 Books